00796nam a2200157Ia 4500008004100000082001500041100003500056245011700091260005200208365000600260630011700266730011700383942000900500999001900509952011000528100415s9999 xx 000 0 und d b21669a594 aGOVT. OF INDIA. MINISTRY OF EN aIdentification manual cum practical field guide to Molusca (Listed in Schedules of Wildlife Protection Act 1972) aNEW DELHIc2005bMINISTRY OF ENVIRONMENT & FORE b1 aIdentification manual cum practical field guide to Molusca (Listed in Schedules of Wildlife Protection Act 1972) aIdentification manual cum practical field guide to Molusca (Listed in Schedules of Wildlife Protection Act 1972) cBOOK c604551d604548 00104070aBNHSbBNHSd2006-02-13g1.00l0o594 21669pBNHS-21669r2010-04-15 00:00:00w2010-04-15yBOOK